000 00928nam a2200289 a 4500
001 66560
003 BD-RjUL
005 20211209081545.0
008 170318s1991 nyua b 001 0 eng d
020 _a0471928836 :
_c$40.40
020 _a0471930547
035 _a(BD-RjUL)66690
040 _aDLC
_cDLC
_dBD-RjUL
_beng
041 _aeng
082 0 0 _a629.8312
_223
_bWES 1991
100 1 _aWellstead, P. E.
_9197014
245 1 0 _aSelf-tuning systems :
_bcontrol and signal processing /
_cP.E. Wellstead and M.B. Zarrop.
260 _aChichester ;
_aNew York :
_bWiley,
_cc1991.
300 _axxiv, 579 p. :
_bill. ;
_c25 cm.
504 _aIncludes bibliographical references and index.
650 0 _aControl theory
_9197015
650 0 _aAdaptive control systems
_9197016
650 0 _aSelf-tuning controllers.
_9197017
700 1 _aZarrop, Martin B. , jt. auth.
_9197018
942 _2ddc
_cBK
999 _c66560
_d66560